Contemporary strategy analysis / (Record no. 1621)
[ view plain ]
| 000 -LEADER | |
|---|---|
| fixed length control field | 01247cam a2200181 a 4500 |
| 020 ## - INTERNATIONAL STANDARD BOOK NUMBER | |
| ISBN | 1405119993 (pbk. : alk. paper) |
| 050 00 - CALL NUMBER | |
| Classification number | HD30.28 |
| Item number | .G75 |
| 100 1# - AUTHOR | |
| Personal name | Grant, Robert M., |
| 245 10 - TITLE | |
| Title | Contemporary strategy analysis / |
| Statement of responsibility, etc | Robert M. Grant. |
| 250 ## - EDITION | |
| Edition statement | 5th ed. |
| 260 ## - PUBLICATION INFORMATION | |
| Place of publication | Malden, MA : |
| Name of publisher | Blackwell Pub., |
| Year of publication | 2005. |
| 300 ## - DESCRIPTION | |
| Number of Pages | xii, 548 p. : |
| Other physical details | ill. ; |
| Dimensions | 26 cm. |
| 500 ## - NOTES | |
| General note | Includes index |
| 505 ## - FORMATTED CONTENTS NOTE | |
| Table of Content | The concept of strategy --<br/>Goals, values, and performance --<br/>Analyzing the industry environment --<br/>Intra-industry analysis --<br/>Analyzing resources and capabilities --<br/>Organization structure and management systems --<br/>The nature and sources of competitive advantage --<br/>Cost advantage --<br/>Differentiation advantage --<br/>Industry evolution --<br/>Technology-based industries and the management --<br/>Competitive advantage in mature industries --<br/>Vertical integration and the scope of the firm --<br/>Global strategies and the multinational corporation --<br/>Diversification strategy --<br/>Managing the multibusiness corporation --<br/>Current trends in strategic management. |
| 650 #0 - SUBJECTS | |
| Topical Term | Strategic planning. |
| 650 #0 - SUBJECTS | |
| Topical Term | Management |
| 942 ## - ADDED ENTRY ELEMENTS (KOHA) | |
| Koha item type | Books |
| Withdrawn status | Lost status | Collection code | Home library | Current library | Shelving location | Date acquired | Full call number | Accession Number | Koha item type |
|---|---|---|---|---|---|---|---|---|---|
| Reference | Methodist University Library Main | Methodist University Library Main | General Stacks | 11/10/2013 | HD30.28 .G75 | 38944 | Books |